Homenaje en memoria de Liudmila Yivkova (Record no. 4946)

MARC details
000 -LEADER
campo de control de longitud fija 01630njm a2200349 i 4500
001 - NÚMERO DE CONTROL
campo de control 4946
003 - IDENTIFICADOR DE NÚMERO DE CONTROL
campo de control ES-MaACL
005 - FECHA Y HORA DE LA ÚLTIMA TRANSACCIÓN
campo de control 20250430203721.0
007 - CAMPO FIJO DE DESCRIPCIÓN FÍSICA--INFORMACIÓN GENERAL
campo de control de longitud fija s|r|||||||||||
008 - DATOS DE LONGITUD FIJA--INFORMACIÓN GENERAL
campo de control de longitud fija 070831s1983 sp ||| g ||||||||1|nspa d
245 00 - MENCIÓN DEL TÍTULO
Título Homenaje en memoria de Liudmila Yivkova
Medio [Grabación sonora] /
Mención de responsabilidad, etc. intervienen Rafael Alberti, Juan Antonio Bardem, José Caballero, Ernesto Garrido, Manuel Muñoz Hidalgo, Bartolomé Vicens Fiol ; incluye concierto a cargo de las niñas Lilia Bairova y Rositza Stoicheva.
260 ## - PUBLICACIÓN, DISTRIBUCIÓN, ETC.
Lugar de publicación, distribución, etc. Madrid :
Nombre del editor, distribuidor, etc. Ateneo de Madrid,
Fecha de publicación, distribución, etc. 1983.
300 ## - DESCRIPCIÓN FÍSICA
Extensión 2 discos (CD-DA) (1 h. 35 min. 49 seg.) ;
Dimensiones 12 cm.
500 ## - NOTA GENERAL
Nota general Datos basados en la invitación.
518 ## - NOTA DE FECHA/HORA Y LUGAR DE UN ACONTECIMIENTO
Nota de fecha/hora y lugar de un acontecimiento Acto organizado por el Ateneo de Madrid y la Embajada de Bulgaria en Madrid, grabado en el salón de actos el miércoles, 16 de marzo de 1983, a las 20:00 h.
600 14 - PUNTO DE ACCESO ADICIONAL DE MATERIA--NOMBRE DE PERSONA
Nombre de persona Yivkova, Liudmila (
Fechas asociadas al nombre 1942-1981)-
Subdivisión de forma Homenajes.
9 (RLIN) 117640
610 24 - PUNTO DE ACCESO ADICIONAL DE MATERIA--NOMBRE DE ENTIDAD CORPORATIVA
Nombre de entidad corporativa o nombre de jurisdicción como elemento de entrada Ateneo de Madrid-
Subdivisión general Actos culturales-
Subdivisión cronológica 1983-
Subdivisión de forma Grabaciones sonoras.
9 (RLIN) 1897
700 1# - ENTRADA AGREGADA--NOMBRE PERSONAL
Nombre de persona Alberti, Rafael,
Fechas asociadas al nombre 1902-1999
9 (RLIN) 240174
700 1# - ENTRADA AGREGADA--NOMBRE PERSONAL
Nombre de persona Bardem, Juan Antonio,
Fechas asociadas al nombre 1922-2002
9 (RLIN) 25582
700 1# - ENTRADA AGREGADA--NOMBRE PERSONAL
Nombre de persona Caballero, José,
Fechas asociadas al nombre 1915-1991
9 (RLIN) 33084
700 1# - ENTRADA AGREGADA--NOMBRE PERSONAL
Nombre de persona Garrido, Ernesto.
9 (RLIN) 55670
700 0# - ENTRADA AGREGADA--NOMBRE PERSONAL
Nombre de persona Muñoz Hidalgo, Manuel,
Fechas asociadas al nombre 1939-
9 (RLIN) 84434
700 1# - ENTRADA AGREGADA--NOMBRE PERSONAL
Nombre de persona Vicens Fiol, Bartolomé.
9 (RLIN) 114318
700 1# - ENTRADA AGREGADA--NOMBRE PERSONAL
Nombre de persona Bairova, Lilia.
9 (RLIN) 24744
700 1# - ENTRADA AGREGADA--NOMBRE PERSONAL
Nombre de persona Stoicheva, Rositza.
9 (RLIN) 108274
710 2# - ENTRADA AGREGADA--NOMBRE DE ENTIDAD CORPORATIVA
Nombre de entidad corporativa o nombre de jurisdicción como elemento de entrada Ateneo de Madrid.
9 (RLIN) 1875
710 1# - ENTRADA AGREGADA--NOMBRE DE ENTIDAD CORPORATIVA
Nombre de entidad corporativa o nombre de jurisdicción como elemento de entrada Bulgaria.
Unidad subordinada Embajada (España)
9 (RLIN) 2251
852 ## - LOCALIZACIÓN
Ubicación ES-MaACL
Número de control de estantería ROT 5/3/34
itemnumber 5063
Ubicación en estantería Rotativo
852 ## - LOCALIZACIÓN
Ubicación ES-MaACL
Número de control de estantería ROT 5/3/35
itemnumber 203640
Ubicación en estantería Rotativo
942 ## - ELEMENTOS DE ENTRADA SECUNDARIOS (KOHA)
Fuente del sistema de clasificación o colocación Clasificación decimal universal
Holdings
Estatus retirado Estado de pérdida Fuente del sistema de clasificación o colocación Estado de daño No para préstamo Colección Biblioteca de origen Biblioteca actual Ubicación en estantería Fecha de adquisición Total de préstamos Signatura topográfica completa Código de barras Visto por última vez Precio de reemplazo Tipo de ítem Koha
    Clasificación decimal universal     Archivo de la palabra Biblioteca del Ateneo de Madrid Biblioteca del Ateneo de Madrid Rotativo 17/01/2008   ROT 5/3/34 1005009 23/02/2023 23/02/2023 Archivo de ordenador en CD-ROM, CD o disquete
    Clasificación decimal universal     Archivo de la palabra Biblioteca del Ateneo de Madrid Biblioteca del Ateneo de Madrid Rotativo 17/01/2008   ROT 5/3/35   18/06/2024 23/02/2023 Archivo de ordenador en CD-ROM, CD o disquete